Statistics for České dálnice

Click here to take the quiz!

General Stats

  • This quiz has been taken 30 times
  • The average score is 12 of 18

Answer Stats

PořadíDélka v kmTrasaDálnice% Correct
1361,3Praha - Brno -
Ostrava - Polsko
D1
100%
2151Praha - Plzeň - NěmeckoD5
96%
3111,5Praha - Hradec Králové - PolskoD11
93%
494,5Praha - Ústí nad Labem - NěmeckoD8
93%
688Praha - Karlovy Vary - Cheb - NěmeckoD6
86%
1340,5Pražský okruhD0
79%
960,9Brno – Břeclav – SlovenskoD2
79%
869Praha – Tábor – České Budějovice – RakouskoD3
79%
770,4Praha – Mladá Boleslav – TurnovD10
71%
1049,5Praha – Slaný – Louny – ChomutovD7
71%
589,4Úbílice - Hradec Králové - OlomoucD35
64%
1243,9Praha – Příbram – TřebkovD4
61%
1616,9Brno – Pohořelice – Mikulov – RakouskoD52
46%
1148,8Bělotín - Frýdek-Místek – PolskoD48
43%
1518,9Olomouc – Přerov – Otrokovice – BřeclavD55
43%
1713Ostrava – Frýdek-MístekD56
43%
1438,3Vyškov – Prostějov – OlomoucD46
36%
180Hulín – Fryšták – Vizovice – SlovenskoD49
36%

Score Distribution

Percentile by Number Answered

Percent of People with Each Score

Your Score History

You have not taken this quiz